|
|
|
|
| LEADER |
01486cam a2200421 a 4500 |
| 001 |
nkc20061656566 |
| 003 |
CZ PrNK |
| 005 |
20121219102344.0 |
| 007 |
ta |
| 008 |
060504s2006 xr a e f 000 0 cze d |
| 015 |
|
|
|a cnb001656566
|
| 020 |
|
|
|a 80-7232-275-3
|q (brož.) :
|c Kč 199,00
|
| 035 |
|
|
|a (OCoLC)85723288
|
| 040 |
|
|
|a KLG001
|b cze
|d BOA001
|d OLA001
|
| 041 |
1 |
|
|a cze
|h ger
|
| 072 |
|
7 |
|a 796
|x Sport. Hry. Tělesná cvičení
|2 Konspekt
|9 20
|
| 080 |
|
|
|a 796.352
|2 MRF
|
| 080 |
|
|
|a (035)
|2 MRF
|
| 100 |
1 |
|
|a Kölbing, Alexander,
|d 1942-
|7 jo20000070917
|4 aut
|
| 245 |
1 |
0 |
|a Golf - krátká hra /
|c Alexander Kölbing, Achim Steinfurth ; [přeložil Jiří Vokálek]
|
| 260 |
|
|
|a České Budějovice :
|b Kopp,
|c c2006
|
| 300 |
|
|
|a 125 s. :
|b barev. il. ;
|c 21 cm
|
| 490 |
1 |
|
|a Průvodce sportem
|
| 500 |
|
|
|a Přeloženo z němčiny
|
| 504 |
|
|
|a Obsahuje bibliografii
|
| 650 |
0 |
7 |
|a golf
|7 ph120580
|2 czenas
|
| 650 |
0 |
9 |
|a golf
|2 eczenas
|
| 655 |
|
7 |
|a příručky
|7 fd133209
|2 czenas
|
| 655 |
|
9 |
|a handbooks and manuals
|2 eczenas
|
| 700 |
1 |
|
|a Steinfurth, Achim,
|d 1953-
|7 xx0044395
|4 aut
|
| 765 |
0 |
|
|t Golf rund ums Grün
|9 Česky
|
| 830 |
|
0 |
|a Průvodce sportem
|0 s
|
| 910 |
2 |
|
|a BOA001
|b 2-1169.739
|
| 990 |
|
|
|a BK
|
| 995 |
|
|
|a 01
|
| 991 |
|
|
|b 200606
|c NOV
|
| 996 |
6 |
|
|b 2610279719
|c 2-1169.739
|l MZK
|r HSS 4p
|n 0
|p p.v.
|h 796.3 KÖL
|w 000817882
|u 000010
|a 0
|e BOA001
|j MZK50
|s P
|
| 996 |
6 |
|
|b 2610531065
|c 2-1169.739
|l MZK
|r Sklad / do 1 hodiny
|n 0
|p kup
|w 000817882
|u 000020
|a 1
|e BOA001
|j MZK50
|s P
|